000 00685nam a2200289Ia 4500
005 20260324150131.0
008 008 260324s9999 xx 000 0 eng d
020 _a9781003612988
037 _aEBOOK
040 _aCRL
040 _beng
040 _cCRL
041 _2eng
041 _aeng
084 _qCRL
100 _aColin Platt
_91207952
245 0 _aMedieval Southampton
245 4 _bThe Port and Trading Community, A.D. 1000–1600
260 _bTaylor and Francis
260 _c1973
365 _a
365 _b145
856 _uhttp://www.taylorfrancis.com/books/9781003612988
942 _cEBOOK
999 _c1834311
_d1834311